Proyectos de trabajo: Hacia la integración de los conocimientos. Guía 5 para la enseñanza de la lengua escrita en 1ro. y 2do. grados de educación básica (Record no. 8229)
[ view plain ]
| 000 -LEADER | |
|---|---|
| campo de control de longitud fija | 00513nam a2200145Ia 4500 |
| 001 - NÚMERO DE CONTROL | |
| campo de control | 1799 |
| 008 - DATOS DE LONGITUD FIJA--INFORMACIÓN GENERAL | |
| campo de control de longitud fija | 241024s9999 xx 000 0 und d |
| 082 ## - NÚMERO DE LA CLASIFICACIÓN DECIMAL DEWEY | |
| Número de clasificación | RD/460/426p/5 |
| 100 ## - ENTRADA PRINCIPAL--NOMBRE DE PERSONA | |
| Nombre de persona | República Dominicana. Secretaría de Estado de Educación |
| 245 #0 - MENCIÓN DEL TÍTULO | |
| Título | Proyectos de trabajo: Hacia la integración de los conocimientos. Guía 5 para la enseñanza de la lengua escrita en 1ro. y 2do. grados de educación básica |
| 260 ## - PUBLICACIÓN, DISTRIBUCIÓN, ETC. | |
| Nombre del editor, distribuidor, etc. | Ed. Centenario |
| 590 ## - NOTA LOCAL (RLIN) | |
| Nota local | si |
| 901 ## - ELEMENTOS DE DATOS A LOCAL LDA (RLIN) | |
| a | 28/9/2011 10:06:13 a.m. |
No items available.